Quizzes
Events
Quiz Creation
Community
Videos
Private Events
Remove Ads
Sign In
Join for FREE
Feedback
Dark Mode
Quiz Categories
Sports
Geography
Music
Movies
Television
Just For Fun
Miscellaneous
History
Literature
Language
Science
Gaming
Entertainment
Religion
Holiday
For Kids
Quiz Lab
Recent
Popular Today
Quiz Kudos Today
Editor Picks
Curator Picks
Quizzes by...
Day
Popularity
Type
Ratings
Length
Year
Community
Subscriptions
Recent Discussions
Orange Saloon
Badges
Playlists
Quests
Create
Leaderboards
Showdown
Live 5
Trivia Bingo
Activity
Puzzle Library
Sporcle Events
Private Events
Virtual Trivia
Globe League
Become a Host
Pub Owners
SporcleCon
Opinionation
Our Games
Videos
Blog
Mobile Apps
Partnerships
Remove Ads and Go Orange
Feedback
Gaming
Video Games
Board Games
Card Games
Pokémon
Mario
Nintendo
Minecraft
Console
Toys
Legend of Zelda
Gaming
Video Games
Board Games
Card Games
Pokémon
Mario
Nintendo
Minecraft
Console
Toys
Legend of Zelda
Random Quiz
Search Sporcle
×
Quiz Lab
Quiz Lab
Gaming
Drop
Type in answers that appear in a list
Type in answers that appear in a list
Classic
Best Score? Go Orange.
Kingdom Hearts: Dream Drop Distance HD Dream Eaters Stats
Can you name the Dream Eaters in Kingdom Hearts: Dream Drop Distance HD?
By
Leo
8m
64 Questions
149 Plays
149 Plays
149 Plays
Comments
Comments
Give Quiz Kudos
Give Quiz Kudos
-
- Ratings
hide this ad
Replay
Link that replays current quiz
Next Quiz
Link to next quiz in quiz playlist
You Got
0%
They Got
Avg Score
68%
Avg Friend Score
Upgrade to see
Score Distribution
Jump to the score distribution portion of the page
Score
0/64
Timer
08:00
0
Plays Today
Resemblance
Dream Eater
% Correct
Cat & Dog
Meow Wow
94%
Ram
Yoggy Ram
81.2%
Bat
Komory Bat
81.2%
Frog
Chef Kyroo
79.2%
Frog
Sir Kyroo
77.9%
Lion
Aura Lion
77.9%
Frog
Lord Kyroo
77.2%
Sheep
Tama Sheep
75.8%
Panda
Kooma Panda
75.8%
Ghost
Jestabocky
75.2%
Pegasus
Pegaslick
74.5%
Snail
Escarglow
73.8%
Dragon
Ryu Dragon
73.8%
Salamander
Toximander
73.2%
Pelican
Spellican
73.2%
Penguin
Iceguin Ace
72.5%
Ghost
Ghostabocky
72.5%
Elephant
Zolephant
72.5%
Cat & Dog
Meowjesty
72.5%
Cat
Necho Cat
71.8%
Fish
Fishboné
71.8%
Lizard
Hebby Repp
71.1%
Owl
Peepsta Hoo
71.1%
Cat & Dog
Flowbermeow
71.1%
Unicorn
Electricorn
71.1%
Tyrannosaurus Rex
Tyranto Rex
71.1%
Tiger
Keeba Tiger
71.1%
Gargoyle
Wargoyle
71.1%
Giraffe
Thunderaffe
70.5%
Ram
Cyber Yog
70.5%
Triceratops
Cera Terror
70.5%
Dragon Duck
Drak Quack
70.5%
Resemblance
Dream Eater
% Correct
Seahorse
Tatsu Steed
69.8%
Flower
Woeflower
69.8%
Bunny
Me Me Bunny
69.8%
Beetle
KO Kabuto
69.1%
Flower
Wheeflower
69.1%
Bird
Eaglider
69.1%
Crawfish
Chill Clawbster
69.1%
Fish
Fin Fatale
68.5%
Crawfish
Char Clawbster
68.5%
Monkey
Hockomonkey
68.5%
Mole
Holey Moley
68.5%
Seahorse
Tatsu Blaze
67.8%
Queen Bee
Queen Buzzerfly
67.8%
Duck
Ducky Goose
67.1%
Cat
Frootz Cat
67.1%
Seal
R & R Seal
67.1%
Mantis
Commantis
67.1%
Squid
Brawlamari
67.1%
Seal
Juggle Pup
66.4%
Bunny
Majik Lapin
66.4%
Tyrannosaurus Rex
Skelterwild
66.4%
Black Robe
Anti Black Coat
66.4%
Cat
Pricklemane
65.1%
Bird
Halbird
65.1%
Beetle
Staggerceps
65.1%
Rhinoceros
Drill Sye
65.1%
Bear
Ursa Circus
65.1%
Lizard
Sudo Neku
60.4%
Penguin
Tubguin Ace
60.3%
Beetle
Kab Kannon
58.4%
Tanuki
Catanuki
55.2%
Elephant
Beatalike
53.4%
Quiz Playlist
Details
Report
Send in Message
Add To Playlist
Classic:
Type in answers that appear in a list
Last Updated: Jun 9, 2017
Quiz Scoreboard
CHALLENGE
Sign Up to Join the Scoreboard
Show All
Scores
Hide
Comments
May contain spoilers
Recently Published
NBA Finals Game Top Scorers (2010s)
by flibbidy
Sports
5m
Guess the 'R' Things in 3 Words
by MSUKent
Miscellaneous
3m
Actor to Badly Drawn Movie III
by MoMosMoProblems
Movies
5m
More to Explore
Quiz From the Vault
Featured Blog Post
Where Does Lost Luggage Go?
hide this ad
You Might Also Like...
Tags
distance
Dream
Drop
Eater
heart
Kingdom
Kingdom Hearts
resemblance
Today's Top Quizzes in Gaming
Browse Gaming
hide this ad
Today's Top Quizzes in Drop
Browse Drop
Top Contributed Quizzes in Gaming
1
Video Game Rainbow Blitz
2
Genshin Impact Logic Puzzle
3
Genshin Impact Logic Puzzle Quiz
4
Pokémon Gen IV Logic Puzzle (HARD)
5
Rainbow Six Siege Operators by Picture
6
Magic: the Gathering Set Symbols - LCI
7
Ordering Roman Numerals: Pokémon
8
St. Patrick's Pick: Gaming
9
Ultimate Genshin Impact Logic Puzzle (up to 4.3)
10
Wii Remote Buttons
Explore More
Trending Topics
NBA
Harry Potter
Crossword
Disney
Marvel
Kpop
Anime
The Office
Song
Pokémon
NFL
Soccer
Country
WWE
Puzzle
hide this ad
More By:
Leo
Quiz
Plays
Rating
Category
Featured
Created
Kingdom Hearts Series Characters
54,687
4.51
Gaming
Oct 6, 2009
One Piece Devil Fruits
30,762
4.79
Entertainment
Oct 6, 2009
Top 10 Pokémon by Base Stat Total for each Type
8,637
4.85
Gaming
Dec 4, 2011
Kingdom Hearts Series Worlds
6,994
4.48
Gaming
Nov 2, 2009
Pokémon Abilities
4,551
4.71
Gaming
Oct 18, 2011
Go to Creator's Profile
Score Distribution
Quiz Creator Spotlight
Leo
Follow
Send a Message
Quizzes Created
-
Created Quiz Play Count
-
More By This Creator
Popular Quizzes Today
1
Find the US States - No Outlines Minefield
2
Find the US States
3
The Countries of the World
4
10 Largest US States in Order
5
Find the Countries of Europe - No Outlines Minefield
6
US States
7
Guess the 'R' Things in 3 Words
8
NBA Finals Game Top Scorers (2010s)
More Gaming Quizzes
Fazbear Fanverse: Which games? (Five Night at Freddy's)
Quiz Lab
Trending Quizzes
First Name TV: Leading Men
Match the Book to the Film II
First Name TV: Leading Women Drama
3-Word Movies in 1 Word II
Match the Book to the Film VI
Recently Updated
Women's Final Four Teams by Year
bhenderson79
Presidents Quartet II
eogle
Anything But Clue(do)
eogle
Anything But Oceanian Capitals
eogle
Anything But 7
eogle
Anything But Thing
eogle
Word Ladder: February 29
pecheneg
Song Title Questions
pecheneg
Women's NCAA Tournament #1 Seeds
pecheneg
Celebrity Mug Shots
pecheneg
Trending Topics
NBA
Crossword
Disney
Anime
Kpop
Harry Potter
Marvel
The Office
Soccer
Song
WWE
Country
Puzzle
Pokémon
NFL
Your Account Isn't Verified!
In order to create a playlist on Sporcle, you need to verify the email address you used during registration. Go to your
Sporcle Settings
to finish the process.
Report this User
Report this user for behavior that violates our
Community Guidelines
.
Details:
Send Report
Go to the Sporcle.com Mobile Site →
Comments